| 000 | 00528nam a22001697a 4500 | ||
|---|---|---|---|
| 005 | 20251108165339.0 | ||
| 008 | 250721s2002 xx 000 0 ara d | ||
| 082 | 1 | 4 | _a020/مال |
| 100 | 1 | _aالمالكي، مجيل | |
| 245 | 1 | 0 | _aإتجاهات حديثة في علوم المكتبات و المعلومات / |
| 264 | 1 |
_aعمان : _bمؤسسة الوراق، _c2002. |
|
| 300 | _a392ص. | ||
| 650 | 1 | 7 | _aعلم المكتبات |
| 650 | 1 | 7 | _aتكنولوجيا المعلومات |
| 942 |
_2ddc _cBK |
||
| 999 |
_c25696 _d25696 |
||